000 00756aam a2200265 a 4500
999 _c5779
_d5779
001 27059082
003 OCoLC
005 20190109184433.0
008 921110s1992 cou 000 0 eng
010 _a 92061234
020 _a0891097058
020 _a9780891097051
035 _a(OCoLC)27059082
040 _aDLC
_cDLC
_dBAKER
_dBTCTA
050 0 0 _aBJ1611.2
_b.M368 1992
082 0 0 _a158.1
_220
_bM478O
092 _a158.1
_bM1234
100 1 _aMcCarthy, Kevin W.
245 1 4 _aThe on-purpose person :
_bmaking your life make sense /
_cKevin W. McCarthy.
260 _aColorado Springs, Colo. :
_bPiƱon Press, NavPress Pub. Group,
_cc1992.
300 _a144 p. ;
_c21 cm.
650 0 _aSuccess.
650 0 _aConduct of life.
942 _2ddc
_cBK